|
|
|
|
| LEADER |
01216nam a2200337 a 4500 |
| 001 |
3648 |
| 003 |
BD-DhAAL |
| 005 |
20141207103330.0 |
| 008 |
141207s1996 ctua b 001 0 eng |
| 010 |
|
|
|a 95011265
|
| 020 |
|
|
|a 0030633621
|
| 020 |
|
|
|a 003063363X
|
| 020 |
|
|
|a 0275946843 (alk. paper)
|
| 020 |
|
|
|a 0275946851 (pbk. : alk paper)
|
| 040 |
|
|
|a DLC
|c DLC
|d DLC
|d BD-DhAAL
|
| 050 |
0 |
0 |
|a HD6060.5.U5
|b H37 1996
|
| 082 |
0 |
0 |
|a 331.4/133/0973
|2 20
|
| 100 |
1 |
|
|a Harriman, Ann.
|9 6648
|
| 245 |
1 |
0 |
|a Women/men/management /
|c Ann Harriman.
|
| 250 |
|
|
|a 2nd ed.
|
| 260 |
|
|
|a Westport, Conn. ;
|a New York :
|b Praeger,
|c 1985.
|
| 300 |
|
|
|a viii, 324 p. :
|b ill. ;
|c 24 cm.
|
| 504 |
|
|
|a Includes bibliographical references (p. [227]-249) and indexes.
|
| 541 |
|
|
|e 3648
|
| 650 |
|
0 |
|a Sex discrimination in employment
|z United States.
|9 6649
|
| 650 |
|
0 |
|a Women
|x Employment
|z United States.
|9 6650
|
| 650 |
|
0 |
|a Sexism
|z United States.
|9 6651
|
| 650 |
|
0 |
|a Organizational behavior.
|9 6652
|
| 942 |
|
|
|2 ddc
|c BK
|
| 999 |
|
|
|c 33248
|d 33248
|
| 952 |
|
|
|0 0
|1 0
|2 ddc
|4 0
|6 331_413309730000000_HAR
|7 0
|9 44381
|a BRACUL
|b BRACUL
|c GEN
|d 2014-12-07
|g 0.00
|l 0
|o 331.41330973 HAR
|p 3010003648
|r 2014-12-07
|t 1
|w 2014-12-07
|y BK
|z Not price in Register
|